Statistiques concernant Culture Générale - Série 1389

Cliquez ici pour prendre le quiz!

Statistiques générales

  • Ce quiz a été pris 79 fois
  • Le résultat moyen est 5 sur 10

Statistiques - réponses

QuestionRéponse% Correct
Quel fleuve traverse à la fois les villes de Toulouse et de Bordeaux ?Garonne
93%
A quel chanteur doit-on le tube "Les Jolies Colonies de vacances", sorti en 1966 ?Pierre Perret
77%
Quelle capitale d'Europe du Nord s'est appelée Christiania de 1624 à 1924 ?Oslo
74%
Dans la saga cinématographique : "La Guerre des étoiles", quelle est l'arme de prédilection des chevaliers Jedi ?sabre laser
69%
Quel skieur français a remporté trois médailles d'or aux Jeux olympiques de Grenoble, en 1968 ?Jean-Claude Killy
63%
Quel muscle de la cuisse entourant le fémur est formé de quatre faisceaux musculaires ?quadriceps
59%
À quelle dynastie Louis XVIII et Charles X appartenaient-ils ?Bourbons
54%
Dans quel État des États-Unis peut-on admirer les célèbres sculptures géantes du mont Rushmore ?Dakota du Sud
36%
Quel astronaute est le 1er Américain à avoir effectué un vol orbital ?John Glenn
7%
A quelle chanteuse doit-on l'album "La Pluie sans parapluie" sorti en 2010 ?Françoise Hardy
0%

Distribution des résultats

Percentile par nombre de réponses

% des personnes avec chaque résultat

Votre développement - résultats

Vous n’avez pas pris ce quiz